Jackie Rogers Jr's $100,000 Jackpot Wad Quiz Stats

 Plays Quiz not verified by Sporcle

Also try: TV Shows by Memes
Challenge
Share
Tweet
Embed
Score 0/11 Timer 02:00
0 Plays Today
Clue Given Answer % Correct
A funny guy, he wears a red nose and big shoesA clown
94.2%
A thing at the movies, it comes in kernels, you heat them up in oilPopcorn
88.5%
King of the jungle, it's like a big cat, a man puts his head in its mouthLion
84.6%
They're PEOPLE, they swing from a bar, they use a netTrapeze artist
76.9%
He INTRODUCES the actRingmaster
62.5%
I have it with cream cheese, lox and onion and I prefer a slice of tomahtoBagel
62.5%
It's the ultimate piece of meatFilet Mignon
50%
A long shaft kind of thing with a tip on the endAsparagus
46.2%
Uh, this is, uh...Chocolate Babies
44.2%
An apres dinner kind of thing, dessert, three layers, icing on top.Angel Food Cake
29.8%
A hot little spicy numberPickle
23.1%

You're not logged in!

Compare scores with friends on all Sporcle quizzes.
OR
Log In

You Might Also Like...

Show Comments

Extras

Created Jan 18, 2010SourceReportNominate
Tags:100, jackie, roger, wad

Top Quizzes Today


Score Distribution

Your Account Isn't Verified!

In order to create a playlist on Sporcle, you need to verify the email address you used during registration. Go to your Sporcle Settings to finish the process.

Report this User

Report this user for behavior that violates our Community Guidelines.

Details: